| 000 | 00717nam a2200217Ia 4500 | ||
|---|---|---|---|
| 008 | 130821s1968 sp gr spa | ||
| 040 |
_aCo-BoUCM _bspa |
||
| 041 | 0 | 0 | _aspa |
| 100 | 1 |
_aBecquer, Gustavo Adolfo _d1836-870 _9158284 |
|
| 245 | 1 | 0 |
_aRimas _cGustavo Adolfo Becquer; edición, introducción y notas de José Pedro Díaz |
| 250 | _a2a. ed. | ||
| 260 |
_aMadrid (España) _bEspasa-Galpe _c1968 |
||
| 300 | _a40 páginas | ||
| 490 | 0 | 0 | _aClásicos castellanos. |
| 504 | _aIncluye índice | ||
| 650 | 0 | 4 |
_aLiteratura española _97793 |
| 650 | 0 | 4 |
_aPoesía española _921809 |
| 650 | 0 | 4 |
_aRima española _923806 |
| 942 |
_cLIBRO _a18 _e2 _mB388r _2DEWEY _h861.3 _n0 |
||
| 999 |
_c44225 _d44225 |
||